Fr. Conceicao Rodrigues College of Engineering

Fun with Fractals (Record no. 23421)

MARC details
000 -LEADER
fixed length control field 00291nam a2200133Ia 4500
082 ## - DEWEY DECIMAL CLASSIFICATION NUMBER
Classification number 621.38195
100 ## - MAIN ENTRY--PERSONAL NAME
Personal name Robbins/ J.
245 ## - TITLE STATEMENT
Title Fun with Fractals
260 ## - PUBLICATION, DISTRIBUTION, ETC.
Name of publisher, distributor, etc. Tech. Publications
Place of publication, distribution, etc. Singapore
Date of publication, distribution, etc. 1993
546 ## - LANGUAGE NOTE
Language note ENGLISH
654 ## - SUBJECT ADDED ENTRY--FACETED TOPICAL TERMS
Focus term Fun with fractals
942 ## - ADDED ENTRY ELEMENTS (KOHA)
Koha item type BOOK
Holdings
Withdrawn status Lost status Damaged status Not for loan Collection Home library Current library Shelving location Date acquired Source of acquisition Cost, normal purchase price Inventory number Total Checkouts Full call number Barcode Date last seen Cost, replacement price Price effective from Koha item type
        CRC Fr. Agnel's C.Rodrigues College of Engineering Fr. Agnel's C.Rodrigues College of Engineering   17/03/2023 global books 375.00 96/14.01.94   621.38195 5229 17/03/2023 375.00 17/03/2023 BOOK